000 01068cam a2200229 4500500
005 20260222003230.0
041 _afre
042 _adc
100 1 0 _aJordana, Huguette
_eauthor
245 0 0 _aUn enfant, à quel prix ?
260 _c2011.
500 _a72
520 _aRésuméLa gratuité du don et l’anonymat sont les deux valeurs éthiques qui encadrent, en France, tout don de produits humains. Dans le domaine de l’aide médicale à la procréation, ces valeurs fondatrices des cecos ont un impact psychique et social sur l’accès à la parentalité. Quelle est la place du don et de la dette dans la filiation ? Comment peut-on contester l’anonymat pour le don de gamètes sans s’interroger sur l’effet de sa gratuité ?
690 _aaide médicale
690 _aanonymat
690 _adon
690 _agratuité
690 _aparentalité
690 _aprocréation
786 0 _nEmpan | 82 | 2 | 2011-06-26 | p. 34-40 | 1152-3336
856 4 1 _uhttps://shs.cairn.info/revue-empan-2011-2-page-34?lang=fr&redirect-ssocas=7080
999 _c1667276
_d1667276